[Event "SVK-chT2D 1718"]
[Site "Slovakia"]
[Date "2017.11.25"]
[Round "3.7"]
[White "Body, Stefan"]
[Black "Sabol, Jan"]
[Result "0-1"]
[WhiteElo "1751"]
[BlackElo "1842"]
[PlyCount "82"]
[EventDate "2017.10.28"]
[EventType "team-tourn"]
[EventRounds "11"]
[EventCountry "SVK"]
[SourceTitle "EXT 2019"]
[Source "ChessBase"]
[SourceDate "2018.10.10"]
[SourceVersion "1"]
[SourceVersionDate "2018.10.10"]
[SourceQuality "1"]
[WhiteTeam "Poprad LS VD"]
[BlackTeam "Presov Slavia"]
[WhiteTeamCountry "SVK"]
[BlackTeamCountry "SVK"]

1. d4 Nf6 2. c4 e6 3. Nf3 d5 4. Nc3 c6 5. Bg5 Be7 6. e3 0-0 7. Rc1 Nbd7 8. Bd3 dxc4 9. Bxc4 Nd5 10. Bxe7 Qxe7 11. 0-0 Rd8 12. Ne4 h6 13. Bd3 N5f6 14. Nc5 b6 15. Nxd7 Bxd7 16. Ne5 c5 17. dxc5 bxc5 18. Qf3 Qd6 19. Nxd7 Nxd7 20. Bb1 Ne5 21. Qe4 f5 22. Qc2 c4 23. h3 Rab8 24. Rcd1 Qb6 25. Rxd8+ Rxd8 26. Qc3 Qb5 27. Qa3 a5 28. Bc2 Rd2 29. Qc3 Qd5 30. e4 fxe4 31. Bxe4 Qd4 32. Qxa5 Qxb2 33. Qa8+ Kf7 34. Rb1 Qd4 35. Rf1 c3 36. Bf3 c2 37. Qb7+ Kf6 38. Qb3 Rxf2 39. Rxf2 c1Q+ 40. Bd1+ Qcf4 41. Qc2 Nd3 0-1

[Event "SVK-chT2D 1617"]
[Site "Slovakia"]
[Date "2016.11.05"]
[Round "3.7"]
[White "Nadzamova, Sofia"]
[Black "Body, Stefan"]
[Result "1-0"]
[WhiteElo "1821"]
[BlackElo "1787"]
[PlyCount "81"]
[EventDate "2016.10.08"]
[EventType "team-tourn"]
[EventRounds "11"]
[EventCountry "SVK"]
[SourceTitle "EXT 2018"]
[Source "ChessBase"]
[SourceDate "2017.10.13"]
[SourceVersion "1"]
[SourceVersionDate "2017.10.13"]
[SourceQuality "1"]
[WhiteTeam "Kosice Slavia TU IV"]
[BlackTeam "Poprad LS VD"]
[WhiteTeamCountry "SVK"]
[BlackTeamCountry "SVK"]

1. e4 c6 2. d4 d5 3. e5 Bf5 4. Nf3 e6 5. Be2 Ne7 6. Nbd2 Nd7 7. Nb3 c5 8. c4 dxc4 9. Bxc4 Nc6 10. dxc5 Ndxe5 11. Qxd8+ Rxd8 12. Nxe5 Nxe5 13. Bb5+ Nd7 14. 0-0 Be7 15. Na5 Bxc5 16. Nxb7 Rc8 17. Rd1 e5 18. Rd5 Be7 19. Bxd7+ Bxd7 20. Rxe5 Be6 21. Be3 0-0 22. Nc5 Bf6 23. Nxe6 Bxe5 24. Nxf8 Kxf8 25. Bxa7 Rc2 26. a4 Rxb2 27. Bc5+ Kg8 28. Rd1 f6 29. g3 Kf7 30. Rd7+ Kg6 31. Bf8 f5 32. Bc5 Ra2 33. Ra7 Kg5 34. a5 h5 35. a6 h4 36. gxh4+ Kg4 37. Kg2 f4 38. h3+ Kxh4 39. Ra8 g5 40. a7 Ra5 41. Rc8 1-0